<La> Coopération des entreprises françaises et slovaques dans les conditions de ľ intégration internationale
Enregistré dans:
| Auteur principal: | |
|---|---|
| Format: | Chapitre de livre |
| Langue: | français |
| Tags: |
Pas de tags, Soyez le premier à ajouter un tag!
|
MARC
| LEADER | 00000naa$a2200000$$$4500 | ||
|---|---|---|---|
| 001 | 0129678 | ||
| 005 | 20220531133426.8 | ||
| 041 | 0 | |a fre | |
| 044 | |a SK | ||
| 245 | 1 | 0 | |a <La> Coopération des entreprises françaises et slovaques dans les conditions de ľ intégration internationale |c Jaroslav Kita |
| 100 | 1 | |a Kita, Jaroslav | |